| 000 | 00404nam a2200169Ia 4500 | ||
|---|---|---|---|
| 008 | 170705s9999 xx 000 0 und d | ||
| 020 | _a9780590979094 | ||
| 245 | _aMouse trap! / | ||
| 245 | _cby Joy Cowley and Linda McClelland. | ||
| 260 | _aNew York : | ||
| 260 | _bScholastic, | ||
| 260 | _c1997 | ||
| 300 | _a30 pages : | ||
| 300 | _bcolor illustration ; | ||
| 300 | _c22cm. | ||
| 500 | _a250 | ||
| 999 |
_c337228 _d337228 |
||